Sedes de un Mundial - Estadísticas

Estadísticas generales
  • Esta prueba ha sido intentada 193 veces
  • La puntuación promedio es 10 de 15
Answers on the Grid
Answers color-coded by a green-red scale on the quiz's grid according to % correct below.
Australia
Italia
Suecia
Canada
Rusia
Japon
Suiza
China
Brasil
Portugal
Egipto
India
Belgica
Países Bajos
Mexico
España
Grecia
Nigeria
Estados Unidos
Turquía
Sudafrica
Uruguay
Polonia
Alemania
Chile
Irlanda
Inglaterra
Noruega
Arabia Saudi
Hungría
Francia
 
Estadísticas de respuestas
Respuesta % Correcto
Italia
93%
Brasil
79%
Rusia
77%
Sudafrica
72%
Alemania
70%
Francia
70%
Japon
70%
Suecia
70%
Uruguay
70%
España
67%
Inglaterra
67%
Mexico
65%
Estados Unidos
63%
Chile
51%
Suiza
49%
No se encontraron pruebas coincidentes
Distribución de puntuación
Porcentaje de gente con cada puntuación
Porcentaje por número respondido
Historial de tus puntuaciones
No has intentado esta prueba.